Normal view
MARC view
- HOBART,E.MICHAEL
Entry Personal Name
001 - CONTROL NUMBER
- control field: 133602
003 - CONTROL NUMBER IDENTIFIER
- control field: NUST
005 - DATE AND TIME OF LATEST TRANSACTION
- control field: 20260309105301.0
008 - FIXED-LENGTH DATA ELEMENTS
- fixed length control field: 260309|| aca||aabn | a|a d
040 ## - CATALOGING SOURCE
- Original cataloging agency: NUST
- Transcribing agency: NUST
100 ## - HEADING--PERSONAL NAME
- Personal name: HOBART,E.MICHAEL
670 ## - SOURCE DATA FOUND
- Source citation: Work cat.: (NUST): HOBART,E.MICHAEL., INFORMATION AGES LITERACY,NUMERACY AND THE COMPUTER REVOLUTION /, 1998.
